[Event "Monarch Assurance Isle of Man 16th"]
[Site "Port Erin"]
[Date "2007.09.28"]
[Round "7.28"]
[White "Mannion, Stephen R"]
[Black "Tate, Alan"]
[Result "1/2-1/2"]
[WhiteElo "2359"]
[BlackElo "2053"]
[PlyCount "109"]
[EventDate "2007.09.22"]
[EventType "swiss"]
[EventRounds "9"]
[EventCountry "IOM"]

1. e4 c5 2. Nf3 d6 3. d4 Nf6 4. Nc3 cxd4 5. Nxd4 a6 6. f4 Nbd7 7. Nf3 Qc7 8. a4
g6 9. Bd3 Bg7 10. O-O b6 11. Qe2 Bb7 12. Kh1 O-O 13. Bd2 Nc5 14. b4 Nxd3 15.
cxd3 Rfc8 16. Rac1 Qd7 17. Qf2 Rab8 18. Nd4 Ng4 19. Qg1 Ba8 20. h3 Nf6 21. Qf2
Nh5 22. Nde2 b5 23. axb5 axb5 24. f5 e6 25. g4 exf5 26. gxh5 fxe4 27. dxe4
Qxh3+ 28. Kg1 Rf8 29. Nf4 Qg4+ 30. Qg2 Bd4+ 31. Kh2 Qh4+ 32. Qh3 Qg5 33. Qg3
Qe5 34. Ncd5 Rbc8 35. Rfe1 Rxc1 36. Rxc1 Qxe4 37. Re1 Qc2 38. Re2 Bxd5 39. Nxd5
Be5 40. Nf4 Rc8 41. Kg2 Rc4 42. Qf3 Qf5 43. Rf2 Bd4 44. Nd5 Qxf3+ 45. Rxf3 f5
46. Kf1 Kf7 47. Ke2 Be5 48. h6 Ke6 49. Rd3 Re4+ 50. Kf3 Kd7 51. Be3 Kc6 52.
Ne7+ Kd7 53. Nd5 Kc6 54. Ne7+ Kd7 55. Nd5 1/2-1/2

[Event "Monarch Assurance Isle of Man 16th"]
[Site "Port Erin"]
[Date "2007.09.28"]
[Round "7.29"]
[White "Van den Bersselaar, Jeroen"]
[Black "Szieberth, Adam"]
[Result "1/2-1/2"]
[WhiteElo "2183"]
[BlackElo "2315"]
[PlyCount "57"]
[EventDate "2007.09.22"]
[EventType "swiss"]
[EventRounds "9"]
[EventCountry "IOM"]

1. d4 Nf6 2. Nf3 c5 3. c3 e6 4. e3 b6 5. Nbd2 Bb7 6. Bd3 d5 7. O-O Be7 8. Qe2
O-O 9. e4 dxe4 10. Nxe4 Nxe4 11. Bxe4 Bxe4 12. Qxe4 Nd7 13. Bf4 Nf6 14. Qe2
cxd4 15. Nxd4 Nd5 16. Bg3 Qc8 17. Rfd1 Bf6 18. c4 Ne7 19. Nb5 Nf5 20. Nd6 Nxd6
21. Bxd6 Rd8 22. Rac1 Qc6 23. Bf4 Rd4 24. Rxd4 Bxd4 25. Rd1 e5 26. Bxe5 Bxe5
27. Qxe5 Qxc4 28. Qd5 Qxd5 29. Rxd5 1/2-1/2

[Event "Monarch Assurance Isle of Man 16th"]
[Site "Port Erin"]
[Date "2007.09.28"]
[Round "7.30"]
[White "Goodger, Martyn"]
[Black "Heberla, Bartlomiej"]
[Result "0-1"]
[WhiteElo "2093"]
[BlackElo "2484"]
[PlyCount "62"]
[EventDate "2007.09.22"]
[EventType "swiss"]
[EventRounds "9"]
[EventCountry "IOM"]

1. e4 c5 2. Nf3 d6 3. Bc4 Nc6 4. O-O Nf6 5. d3 g6 6. h3 Bg7 7. a3 d5 8. exd5
Nxd5 9. Ng5 O-O 10. Nd2 b6 11. Nde4 Bb7 12. f4 e6 13. c3 h6 14. Nf3 f5 15. Nf2
Qd6 16. d4 cxd4 17. cxd4 Rad8 18. Ne5 Nxe5 19. dxe5 Qc6 20. Bxd5 Rxd5 21. Qf3
Qc2 22. Qg3 Kh7 23. b4 Rfd8 24. Be3 R8d7 25. Rfc1 Qb3 26. Rcb1 Qa4 27. h4 Bf8
28. Ra2 Be7 29. Bc1 Rc7 30. Bd2 Rc2 31. Rbb2 Rdxd2 0-1

[Event "Monarch Assurance Isle of Man 16th"]
[Site "Port Erin"]
[Date "2007.09.28"]
[Round "7.31"]
[White "Grant, Alan"]
[Black "Collier, David"]
[Result "0-1"]
[WhiteElo "2223"]
[BlackElo "2131"]
[PlyCount "142"]
[EventDate "2007.09.22"]
[EventType "swiss"]
[EventRounds "9"]
[EventCountry "IOM"]

1. Nf3 d5 2. d4 Nf6 3. c4 e6 4. Nc3 Be7 5. Bg5 O-O 6. e3 Nbd7 7. Qb3 c6 8. Rd1
h6 9. Bh4 Nh5 10. Bxe7 Qxe7 11. Be2 f5 12. O-O Nhf6 13. Nd2 Ne4 14. Ncxe4 fxe4
15. f3 exf3 16. Nxf3 b6 17. Bd3 Bb7 18. e4 g5 19. g3 Qg7 20. cxd5 cxd5 21. e5
Qe7 22. Rc1 Rac8 23. Rxc8 Rxc8 24. Qa4 a5 25. Bb5 Nb8 26. a3 Qh7 27. Rf2 Rc1+
28. Kg2 Bc6 29. Qb3 a4 30. Qe3 Rc2 31. Bd3 Rxf2+ 32. Kxf2 Qf7 {(=)} 33. g4 Qg7
34. Kg3 Be8 35. Qc1 Qe7 36. Qc8 Nd7 37. Bb5 Kg7 38. Qc7 Qf7 39. Qc1 Nf8 40. Bd3
Qe7 41. Bc2 Bg6 42. Bxa4 Qf7 43. Qe3 Bh7 44. h4 gxh4+ 45. Nxh4 Be4 46. Qf2 Qe7
47. Bc2 Bxc2 48. Qxc2 Qf7 49. a4 Nh7 50. Nf3 Nf8 51. b4 Ng6 52. Qd2 Qe7 53. a5
bxa5 54. bxa5 Qa3 55. Kg2 Qa4 56. Nh2 Qa3 57. Qf2 Nf8 58. Qf6+ Kg8 59. Nf3 Qxa5
60. Qxh6 Qa7 61. Qg5+ Kh8 62. Kg3 Qa3 63. Qf6+ Kg8 64. g5 Qd3 65. Qf4 Ng6 66.
Qc1 Qf5 67. Qe3 Qc2 68. Nh2 Ne7 69. Qf4 Nf5+ 70. Kg4 Qg2+ 71. Kh5 Qh3+ 0-1

[Event "Monarch Assurance Isle of Man 16th"]
[Site "Port Erin"]
[Date "2007.09.28"]
[Round "7.32"]
[White "Fox, Anthony"]
[Black "Walton, Alan J"]
[Result "1/2-1/2"]
[WhiteElo "2084"]
[BlackElo "2223"]
[PlyCount "39"]
[EventDate "2007.09.22"]
[EventType "swiss"]
[EventRounds "9"]
[EventCountry "IOM"]

1. e4 e6 2. Nc3 d5 3. Nf3 Nf6 4. e5 Nfd7 5. d4 c5 6. dxc5 Nc6 7. Bf4 Bxc5 8.
Bd3 f6 9. exf6 Qxf6 10. Bg3 O-O 11. O-O Nde5 12. Nxe5 Nxe5 13. Bxh7+ Kxh7 14.
Qh5+ Kg8 15. Qxe5 Bd4 16. Qxf6 gxf6 17. Rad1 Bxc3 18. bxc3 Bd7 19. c4 Bc6 20.
cxd5 1/2-1/2

[Event "Monarch Assurance Isle of Man 16th"]
[Site "Port Erin"]
[Date "2007.09.28"]
[Round "7.33"]
[White "Obers, Frits"]
[Black "Adams, Phil"]
[Result "1-0"]
[WhiteElo "2073"]
[BlackElo "2144"]
[PlyCount "55"]
[EventDate "2007.09.22"]
[EventType "swiss"]
[EventRounds "9"]
[EventCountry "IOM"]

1. c4 e5 2. g3 Nc6 3. Bg2 f5 4. Nc3 Nf6 5. d3 Bb4 6. Bd2 O-O 7. a3 Bxc3 8. Bxc3
d6 9. e3 Qe8 10. Ne2 Bd7 11. O-O Qh5 12. Qd2 Rae8 13. Rae1 g5 14. f3 Re7 15. d4
f4 16. exf4 gxf4 17. d5 Nd8 18. gxf4 Nf7 19. Ng3 Qh4 20. fxe5 dxe5 21. Ne4 Nh5
22. f4 exf4 23. Rxf4 Bg4 24. Nf6+ Nxf6 25. Rxe7 Nh5 26. Qd4 Qxe7 27. Rxg4+ Ng5
28. h4 1-0

[Event "Monarch Assurance Isle of Man 16th"]
[Site "Port Erin"]
[Date "2007.09.28"]
[Round "7.34"]
[White "Zozulia, Anna"]
[Black "Weeks, Manuel"]
[Result "1-0"]
[WhiteElo "2332"]
[BlackElo "2200"]
[PlyCount "103"]
[EventDate "2007.09.22"]
[EventType "swiss"]
[EventRounds "9"]
[EventCountry "IOM"]

1. e4 e5 2. Nf3 Nc6 3. Bb5 a6 4. Ba4 Nf6 5. O-O Be7 6. Re1 b5 7. Bb3 d6 8. c3
O-O 9. h3 Na5 10. Bc2 c5 11. d4 Nd7 12. Nbd2 cxd4 13. cxd4 Nc6 14. Nf1 exd4 15.
Nxd4 Nxd4 16. Qxd4 Ne5 17. Qd1 Bf6 18. Ne3 Be6 19. f4 Nc4 20. f5 Nxe3 21. Bxe3
Bc8 22. e5 Bxe5 23. Be4 Rb8 24. Ba7 Rb7 25. Bxb7 Bxb7 26. Qd2 Qf6 27. Rad1 Qxf5
28. Bd4 Qf6 29. Bxe5 dxe5 30. Qd6 Qxd6 31. Rxd6 f6 32. Rc1 Be4 33. Rc7 h5 34.
Kh2 Kh7 35. Rxa6 Kh6 36. Raa7 Rg8 37. b4 h4 38. a4 bxa4 39. Rxa4 Rd8 40. b5 f5
41. Ra2 Rd3 42. Rb2 Rg3 43. Kg1 f4 44. b6 f3 45. Rc4 Bb7 46. Rxh4+ Kg5 47. Rg4+
Rxg4 48. hxg4 e4 49. gxf3 exf3 50. Rc2 Kf4 51. Rc7 Ba6 52. Kf2 1-0

[Event "Monarch Assurance Isle of Man 16th"]
[Site "Port Erin"]
[Date "2007.09.28"]
[Round "7.36"]
[White "Nelson, Jonathan P"]
[Black "Hutchinson, Norman A"]
[Result "1-0"]
[WhiteElo "2282"]
[BlackElo "2079"]
[PlyCount "101"]
[EventDate "2007.09.22"]
[EventType "swiss"]
[EventRounds "9"]
[EventCountry "IOM"]

1. e4 c6 2. d3 d5 3. Nd2 e5 4. Ngf3 Bd6 5. g3 Nf6 6. Bg2 O-O 7. O-O dxe4 8.
dxe4 Nbd7 9. Re1 Qc7 10. c3 a5 11. Qc2 b5 12. a4 Nc5 13. axb5 cxb5 14. Bf1 Bd7
15. Nh4 g6 16. Ng2 Bc6 17. f3 a4 18. Rb1 Bd7 19. Ne3 Rfc8 20. Qd1 a3 21. bxa3
Na4 22. Ra1 Nxc3 23. Qc2 Qb6 24. Qd3 Bc5 25. Bb2 Bd4 26. Nb3 b4 27. Nxd4 exd4
28. Nc2 bxa3 29. Bxa3 Nb5 30. Bb2 Nc3 31. Ba3 Ra4 32. Kg2 Bb5 33. Qd2 Bxf1+ 34.
Rxf1 Rac4 35. Ne1 Qb3 36. Qd3 Nd7 37. f4 Nf6 38. Nc2 Nfxe4 39. Nxd4 Qb7 40. Nf3
Nb5 41. Rac1 Nxa3 42. Qxa3 Rc2+ 43. Rxc2 Rxc2+ 44. Kg1 Qb6+ 45. Kh1 Nf2+ 46.
Kg2 Ng4+ 47. Kh1 Qc6 48. Qd3 Nf2+ 49. Rxf2 Rxf2 50. Qd8+ Kg7 51. Qd4+ 1-0

[Event "Monarch Assurance Isle of Man 16th"]
[Site "Port Erin"]
[Date "2007.09.28"]
[Round "7.37"]
[White "Jackson, Oliver A"]
[Black "Phillips, Roy"]
[Result "1/2-1/2"]
[WhiteElo "2198"]
[BlackElo "2271"]
[PlyCount "64"]
[EventDate "2007.09.22"]
[EventType "swiss"]
[EventRounds "9"]
[EventCountry "IOM"]

1. e4 e6 2. d4 d5 3. Nc3 Nf6 4. e5 Nfd7 5. f4 c5 6. Nf3 Nc6 7. Bd3 Nxd4 8. Nxd4
cxd4 9. Ne2 Qa5+ 10. Kf2 Qb6 11. a4 a5 12. Rf1 f6 13. exf6 Nxf6 14. Bb5+ Bd7
15. Bxd7+ Nxd7 16. Nxd4 Bc5 17. c3 e5 18. fxe5 O-O+ 19. Kg1 Rxf1+ 20. Kxf1 Nxe5
21. Nf3 Nxf3 22. Qxd5+ Kh8 23. gxf3 Bg1 24. Qd2 Rd8 25. Qe2 Rd1+ 26. Kg2 h6 27.
Qxd1 Qf2+ 28. Kh3 Qxh2+ 29. Kg4 Qg2+ 30. Kf4 Qg5+ 31. Ke4 Qg6+ 32. Kf4 Qg5+
1/2-1/2

[Event "Monarch Assurance Isle of Man 16th"]
[Site "Port Erin"]
[Date "2007.09.28"]
[Round "7.39"]
[White "Egozi, Nadav"]
[Black "Cafolla, Peter"]
[Result "1-0"]
[WhiteElo "2205"]
[BlackElo "2034"]
[PlyCount "85"]
[EventDate "2007.09.22"]
[EventType "swiss"]
[EventRounds "9"]
[EventCountry "IOM"]

1. d4 d5 2. c4 e6 3. Nc3 c5 4. e3 Nc6 5. Nf3 Nf6 6. Bd3 dxc4 7. Bxc4 a6 8. a4
cxd4 9. exd4 Bd6 10. O-O O-O 11. h3 Nb4 12. Qe2 Bd7 13. Ne5 Rc8 14. Bg5 Be7 15.
Rfe1 h6 16. Bh4 Re8 17. Rad1 g5 18. Bg3 Nbd5 19. Nxd5 exd5 20. Bb3 Bb4 21. Rf1
Bf5 22. f4 g4 23. Bh4 h5 24. Rc1 Rc6 25. Nxc6 bxc6 26. Bxf6 Rxe2 27. Bxd8 Rxb2
28. Bd1 Bd2 29. hxg4 Be3+ 30. Kh1 hxg4 31. Rc3 Bxd4 32. Rg3 Bf2 33. Bf6 d4 34.
Bxg4 Bxg3 35. Bxf5 c5 36. Rb1 Rxb1+ 37. Bxb1 Bxf4 38. Bd3 a5 39. Be7 Bd2 40.
Bxc5 Bc3 41. g4 Kg7 42. g5 Bd2 43. Bxd4+ 1-0

[Event "Monarch Assurance Isle of Man 16th"]
[Site "Port Erin"]
[Date "2007.09.28"]
[Round "7.40"]
[White "Spanton, Tim"]
[Black "Yeo, Michael J"]
[Result "1/2-1/2"]
[WhiteElo "1982"]
[BlackElo "2153"]
[PlyCount "96"]
[EventDate "2007.09.22"]
[EventType "swiss"]
[EventRounds "9"]
[EventCountry "IOM"]

1. e4 e5 2. Nf3 Nc6 3. Bb5 a6 4. Ba4 d6 5. Bxc6+ bxc6 6. d4 f6 7. Nc3 Ne7 8.
Be3 Ng6 9. Qd2 Be7 10. h3 Be6 11. O-O-O Qb8 12. g4 Qb4 13. d5 Rb8 14. b3 cxd5
15. exd5 Bd7 16. Nb1 Qb7 17. Rhg1 a5 18. h4 a4 19. h5 axb3 20. cxb3 Nf8 21. Nh4
g6 22. f4 c5 23. Na3 Qa6 24. Qb2 Ra8 25. Nc4 Qxa2 26. Nb6 Qxb2+ 27. Kxb2 Rb8
28. Nxd7 Kxd7 29. Ra1 exf4 30. Bxf4 Rg8 31. Ra7+ Kd8 32. hxg6 Nxg6 33. Nf5 Nxf4
34. Nxe7 Re8 35. Nc6+ Kc8 36. Nxb8 Kxb8 37. Rxh7 Nxd5 38. Rd7 Re2+ 39. Ka3 Nc3
40. Ra1 d5 41. b4 c4 42. b5 Nxb5+ 43. Kb4 Nc7 44. Kc5 c3 45. Kb6 Re6+ 46. Kc5
Re2 47. Kb6 Re6+ 48. Kc5 Re2 1/2-1/2

[Event "Monarch Assurance Isle of Man 16th"]
[Site "Port Erin"]
[Date "2007.09.28"]
[Round "7.41"]
[White "Fairbairn, Stephen"]
[Black "Johnson, Paul A"]
[Result "1-0"]
[WhiteElo "2091"]
[BlackElo "1820"]
[PlyCount "41"]
[EventDate "2007.09.22"]
[EventType "swiss"]
[EventRounds "9"]
[EventCountry "IOM"]

1. f4 d5 2. Nf3 Nf6 3. g3 c5 4. Bg2 Nc6 5. d3 e6 6. O-O Bd6 7. Qe1 O-O 8. c3 d4
9. Na3 a6 10. Nc2 Bc7 11. h3 Re8 12. Qf2 e5 13. cxd4 exd4 14. e4 dxe3 15. Bxe3
Qxd3 16. Rfd1 Qc4 17. Bf1 Qe6 18. Ng5 Qf5 19. Bd3 Ne4 20. Nxe4 Rxe4 21. Qg2 1-0

[Event "Monarch Assurance Isle of Man 16th"]
[Site "Port Erin"]
[Date "2007.09.28"]
[Round "7.42"]
[White "Troyke, Doreen"]
[Black "Almond, Richard J"]
[Result "1/2-1/2"]
[WhiteElo "2151"]
[BlackElo "2101"]
[PlyCount "31"]
[EventDate "2007.09.22"]
[EventType "swiss"]
[EventRounds "9"]
[EventCountry "IOM"]

1. d4 d5 2. Nf3 Nf6 3. c4 e6 4. e3 Be7 5. Nc3 O-O 6. Bd3 dxc4 7. Bxc4 c5 8. O-O
Nc6 9. dxc5 Bxc5 10. Qe2 Qe7 11. b3 b6 12. Bb2 Bb7 13. Rfd1 Rfd8 14. h3 Rac8
15. Rac1 h6 16. Rxd8+ 1/2-1/2

[Event "Monarch Assurance Isle of Man 16th"]
[Site "Port Erin"]
[Date "2007.09.28"]
[Round "7.43"]
[White "Fraser-Mitchell, Jeremy"]
[Black "Nicholson, John"]
[Result "1-0"]
[WhiteElo "2097"]
[BlackElo "1910"]
[PlyCount "51"]
[EventDate "2007.09.22"]
[EventType "swiss"]
[EventRounds "9"]
[EventCountry "IOM"]

1. d4 d5 2. e4 dxe4 3. Nc3 Nf6 4. f3 e3 5. Bxe3 Bf5 6. Bc4 Nbd7 7. Nge2 Nb6 8.
Bb3 e6 9. Qd2 Nbd5 10. Bf2 Be7 11. O-O-O a5 12. g4 Bg6 13. h4 h6 14. Rdg1 Qd7
15. h5 Bh7 16. Bh4 a4 17. Bxd5 Nxd5 18. Bxe7 Qxe7 19. Nxd5 exd5 20. Nc3 O-O 21.
g5 hxg5 22. h6 gxh6 23. Rxh6 Ra6 24. Rxa6 bxa6 25. Qxg5+ Qxg5+ 26. Rxg5+ 1-0

[Event "Monarch Assurance Isle of Man 16th"]
[Site "Port Erin"]
[Date "2007.09.29"]
[Round "8.1"]
[White "Kotronias, Vasilios"]
[Black "Yakovich, Yuri"]
[Result "1/2-1/2"]
[WhiteElo "2602"]
[BlackElo "2597"]
[PlyCount "83"]
[EventDate "2007.09.22"]
[EventType "swiss"]
[EventRounds "9"]
[EventCountry "IOM"]

1. e4 c5 2. Nf3 Nc6 3. d4 cxd4 4. Nxd4 Nf6 5. Nc3 e5 6. Ndb5 d6 7. Bg5 a6 8.
Na3 b5 9. Nd5 Be7 10. Bxf6 Bxf6 11. c3 O-O 12. Nc2 Rb8 13. h4 Be7 14. Nce3 Be6
15. Qf3 Qd7 16. Rd1 Bd8 17. Be2 Ne7 18. Rd2 Qb7 19. g3 Nxd5 20. Nxd5 f5 21.
exf5 Rxf5 22. Qe4 Bb6 23. O-O Bxd5 24. Qxf5 Rf8 25. Qh3 Qf7 26. Bh5 g6 27. Bd1
Bxa2 28. b3 Bxb3 29. Bxb3 Qxb3 30. Rxd6 Bc5 31. Qe6+ Qxe6 32. Rxe6 Rf3 33. Kg2
Rxc3 34. f4 exf4 35. Rxf4 a5 36. Re8+ Kg7 37. Rd8 Rc2+ 38. Kf1 a4 39. Rd7+ Kg8
40. Rd8+ Kg7 41. Rd7+ Kg8 42. Rd8+ 1/2-1/2

[Event "Monarch Assurance Isle of Man 16th"]
[Site "Port Erin"]
[Date "2007.09.29"]
[Round "8.3"]
[White "Efimenko, Zahar"]
[Black "Wells, Peter K"]
[Result "1-0"]
[WhiteElo "2624"]
[BlackElo "2517"]
[PlyCount "97"]
[EventDate "2007.09.22"]
[EventType "swiss"]
[EventRounds "9"]
[EventCountry "IOM"]

1. e4 c5 2. Nf3 Nc6 3. d4 cxd4 4. Nxd4 Nf6 5. Nc3 d6 6. Bg5 e6 7. Qd2 Be7 8.
O-O-O O-O 9. Nb3 Qb6 10. f3 Rd8 11. Nb5 Rd7 12. Qe1 a6 13. N5d4 Rd8 14. Be3 Qc7
15. Nxc6 Qxc6 16. g4 e5 17. Na5 Qa4 18. Kb1 Be6 19. b3 Qd7 20. g5 Nh5 21. Nc4
Qc6 22. Nb6 Bxg5 23. Nxa8 Bxe3 24. Qxe3 Rxa8 25. Rd3 b5 26. Rc3 Qb7 27. Qd2 Qb6
28. Rd3 Rd8 29. Qe3 Qa5 30. Rc3 Nf4 31. Rc6 d5 32. Bd3 d4 33. Qe1 Qa3 34. Rg1
g6 35. Qc1 Qa5 36. h4 Bd7 37. Rf6 Nxd3 38. cxd3 Rc8 39. Qe1 b4 40. h5 Bb5 41.
hxg6 hxg6 42. Qh4 Bxd3+ 43. Ka1 Rc7 44. Rh1 Kf8 45. Qh8+ Ke7 46. Qg7 Kd7 47.
Rxf7+ Kc8 48. Qg8+ Kb7 49. Rxc7+ 1-0

[Event "Monarch Assurance Isle of Man 16th"]
[Site "Port Erin"]
[Date "2007.09.29"]
[Round "8.5"]
[White "Malakhatko, Vadim"]
[Black "Kuzubov, Yuriy"]
[Result "1/2-1/2"]
[WhiteElo "2596"]
[BlackElo "2568"]
[PlyCount "35"]
[EventDate "2007.09.22"]
[EventType "swiss"]
[EventRounds "9"]
[EventCountry "IOM"]

1. c4 Nf6 2. Nc3 e5 3. Nf3 Nc6 4. a3 g6 5. g3 Bg7 6. Bg2 O-O 7. O-O d6 8. d3 h6
9. Rb1 Be6 10. b4 a6 11. a4 Qd7 12. Re1 Rfe8 13. b5 axb5 14. axb5 Nd8 15. Bb2
Bh3 16. Bh1 Ne6 17. Nd2 c6 18. e3 1/2-1/2

[Event "Monarch Assurance Isle of Man 16th"]
[Site "Port Erin"]
[Date "2007.09.29"]
[Round "8.6"]
[White "Kunin, Vitaly"]
[Black "Golod, Vitali"]
[Result "0-1"]
[WhiteElo "2507"]
[BlackElo "2589"]
[PlyCount "100"]
[EventDate "2007.09.22"]
[EventType "swiss"]
[EventRounds "9"]
[EventCountry "IOM"]

1. d4 Nf6 2. c4 e6 3. Nf3 d5 4. Nc3 c5 5. cxd5 Nxd5 6. e4 Nxc3 7. bxc3 cxd4 8.
cxd4 Bb4+ 9. Bd2 Bxd2+ 10. Qxd2 O-O 11. Bc4 Nd7 12. O-O b6 13. a4 Bb7 14. Qe2
Rc8 15. Ba6 Qc7 16. a5 Bxa6 17. Qxa6 Nf6 18. Rfe1 Qc2 19. Re2 Qb3 20. h3 Rc2
21. e5 Rxe2 22. Qxe2 Nd5 23. axb6 axb6 24. Ng5 Qc3 25. Rd1 h6 26. Ne4 Qc6 27.
Qd2 b5 28. Rc1 Qb6 29. Rc5 Rd8 30. Nd6 b4 31. Qd3 Qa7 32. Rb5 Rb8 33. g3 Nc3
34. Rxb8+ Qxb8 35. Qf3 f5 36. Qc6 b3 37. Nb5 Qxb5 38. Qxe6+ Kf8 39. Qc8+ Kf7
40. e6+ Ke7 41. Qc7+ Kxe6 42. Qxc3 b2 43. Qe1+ Kf6 44. Qb1 Qe2 45. g4 g6 46.
gxf5 gxf5 47. d5 Qd2 48. Kg2 Qc1 49. Qd3 b1=Q 50. Qa6+ Kg7 0-1

[Event "Monarch Assurance Isle of Man 16th"]
[Site "Port Erin"]
[Date "2007.09.29"]
[Round "8.12"]
[White "Kritz, Leonid"]
[Black "Dworakowska, Joanna"]
[Result "1-0"]
[WhiteElo "2571"]
[BlackElo "2320"]
[PlyCount "85"]
[EventDate "2007.09.22"]
[EventType "swiss"]
[EventRounds "9"]
[EventCountry "IOM"]

1. e4 c5 2. Nc3 a6 3. g3 b5 4. Bg2 Bb7 5. d3 e6 6. a3 Nf6 7. f4 Be7 8. Nf3 d6
9. O-O Nc6 10. h3 Qc7 11. g4 d5 12. e5 Nd7 13. Bd2 h6 14. Qe1 O-O-O 15. Qg3
Rdg8 16. Rae1 g5 17. Nd1 gxf4 18. Bxf4 Nf8 19. Qf2 d4 20. c3 Ng6 21. Bh2 Rd8
22. Qc2 dxc3 23. bxc3 Rd7 24. Nf2 Rhd8 25. Qc1 Qa5 26. Bg3 Bf8 27. h4 Nge7 28.
Nd2 c4 29. Nde4 Ng6 30. Nd6+ Bxd6 31. exd6 e5 32. dxc4 Rxd6 33. Ne4 Rd3 34.
Rxf7 bxc4 35. Qxh6 Nge7 36. Qe6+ Kb8 37. Rxe7 Nxe7 38. Qxe7 Ka8 39. Qxe5 Qxa3
40. Nf2 Bxg2 41. Nxd3 Bb7 42. Nc5 Bc6 43. Rb1 1-0

[Event "Monarch Assurance Isle of Man 16th"]
[Site "Port Erin"]
[Date "2007.09.29"]
[Round "8.13"]
[White "Spraggett, Kevin"]
[Black "Mueller, Matthias"]
[Result "1-0"]
[WhiteElo "2585"]
[BlackElo "2405"]
[PlyCount "41"]
[EventDate "2007.09.22"]
[EventType "swiss"]
[EventRounds "9"]
[EventCountry "IOM"]

1. e4 e5 2. Nf3 Nc6 3. Bb5 a6 4. Ba4 Nf6 5. O-O Be7 6. Re1 b5 7. Bb3 d6 8. c3
O-O 9. h3 Na5 10. Bc2 c5 11. d4 cxd4 12. cxd4 exd4 13. Nxd4 Re8 14. Nc3 Bb7 15.
Nf5 Bf8 16. Qf3 h6 17. Rd1 Nc4 18. Qg3 Kh8 19. b3 b4 20. bxc4 bxc3 21. Rxd6 1-0

[Event "Monarch Assurance Isle of Man 16th"]
[Site "Port Erin"]
[Date "2007.09.29"]
[Round "8.14"]
[White "Paehtz, Elisabeth"]
[Black "Horner, Jeff"]
[Result "1/2-1/2"]
[WhiteElo "2457"]
[BlackElo "2344"]
[PlyCount "29"]
[EventDate "2007.09.22"]
[EventType "swiss"]
[EventRounds "9"]
[EventCountry "IOM"]

1. Nf3 Nf6 2. c4 d6 3. d4 g6 4. g3 Bg7 5. Bg2 O-O 6. O-O Bf5 7. Qb3 Qc8 8. Nc3
Nc6 9. Rd1 e5 10. dxe5 dxe5 11. Nd5 Re8 12. Bg5 Nd7 13. Qa3 h6 14. Be3 Nf8 15.
Rac1 1/2-1/2

[Event "Monarch Assurance Isle of Man 16th"]
[Site "Port Erin"]
[Date "2007.09.29"]
[Round "8.15"]
[White "Bradford, Joseph"]
[Black "Casper, Thomas"]
[Result "1/2-1/2"]
[WhiteElo "2406"]
[BlackElo "2421"]
[PlyCount "72"]
[EventDate "2007.09.22"]
[EventType "swiss"]
[EventRounds "9"]
[EventCountry "IOM"]

1. Nf3 Nf6 2. c4 d6 3. d4 Nbd7 4. g3 e5 5. Bg2 Be7 6. Nc3 O-O 7. O-O c6 8. Qc2
Re8 9. h3 Bf8 10. e4 a6 11. Rd1 Qc7 12. Be3 b5 13. Rac1 b4 14. Nb1 exd4 15.
Nxd4 Bb7 16. Nd2 g6 17. Ne2 Rad8 18. b3 a5 19. Re1 Nh5 20. Bd4 Bg7 21. Bxg7
Nxg7 22. Rcd1 Nc5 23. Nd4 Nge6 24. N2f3 Nxd4 25. Nxd4 Rd7 26. Re2 Qd8 27. Kh2
Qf6 28. f4 Rde7 29. e5 dxe5 30. fxe5 Rxe5 31. Rf2 Qe7 32. Nxc6 Bxc6 33. Bxc6
Rf8 34. Qd2 Ne4 35. Bxe4 Rxe4 36. Qd6 Re8 1/2-1/2

[Event "Monarch Assurance Isle of Man 16th"]
[Site "Port Erin"]
[Date "2007.09.29"]
[Round "8.16"]
[White "Kolbus, Dietmar"]
[Black "Palliser, Richard"]
[Result "0-1"]
[WhiteElo "2384"]
[BlackElo "2417"]
[PlyCount "56"]
[EventDate "2007.09.22"]
[EventType "swiss"]
[EventRounds "9"]
[EventCountry "IOM"]

1. Nf3 c5 2. c4 Nc6 3. d4 cxd4 4. Nxd4 Nf6 5. Nc3 e6 6. Ndb5 d5 7. cxd5 Nxd5 8.
Nxd5 exd5 9. Qxd5 Bb4+ 10. Bd2 Qe7 11. a3 Bxd2+ 12. Qxd2 O-O 13. Rd1 Rd8 14.
Qc2 Bg4 15. Rxd8+ Rxd8 16. Nc3 Nd4 17. Qb1 Qg5 18. e3 Bf5 19. h4 Qg4 20. e4 Be6
21. Qd1 Qg6 22. h5 Qg5 23. Nd5 Bxd5 24. Qxd4 Bxe4 25. Qe3 Qg4 26. f3 Qg3+ 27.
Ke2 Bc6 28. Rh3 Bb5+ 0-1

[Event "Monarch Assurance Isle of Man 16th"]
[Site "Port Erin"]
[Date "2007.09.29"]
[Round "8.17"]
[White "Klinova, Masha"]
[Black "Ferguson, Mark"]
[Result "0-1"]
[WhiteElo "2326"]
[BlackElo "2413"]
[PlyCount "67"]
[EventDate "2007.09.22"]
[EventType "swiss"]
[EventRounds "9"]
[EventCountry "IOM"]

1. e4 e5 2. Nf3 Nc6 3. Bc4 Nf6 4. d3 Bc5 5. O-O d6 6. c3 a6 7. Bb3 O-O 8. Nbd2
Ba7 9. h3 Be6 10. Re1 Bxb3 11. axb3 d5 12. Qe2 dxe4 13. dxe4 Nh5 14. Nc4 Qf6
15. Be3 Bxe3 16. Qxe3 Nf4 17. g3 Ne6 18. Na5 Ned8 19. Kg2 Qe6 20. b4 f6 21.
Red1 Nxa5 22. Rxa5 c6 23. Qb6 Qe7 24. Nd2 Ne6 25. Nc4 Rad8 26. Raa1 {(=)} Ng5
27. Rxd8 Rxd8 28. Re1 Qd7 29. g4 h5 30. Ne3 Qd3 31. h4 Qxe4+ 32. Kf1 Qh1+ 33.
Ke2 Qf3+ 34. Kf1 0-1

[Event "Monarch Assurance Isle of Man 16th"]
[Site "Port Erin"]
[Date "2007.09.29"]
[Round "8.18"]
[White "Szieberth, Adam"]
[Black "Svetushkin, Dmitry"]
[Result "0-1"]
[WhiteElo "2315"]
[BlackElo "2618"]
[PlyCount "92"]
[EventDate "2007.09.22"]
[EventType "swiss"]
[EventRounds "9"]
[EventCountry "IOM"]

1. e4 g6 2. d4 Bg7 3. Nc3 c6 4. f4 d5 5. e5 Qb6 6. Na4 Qc7 7. Nf3 Bg4 8. Be2
Nh6 9. Be3 f6 10. h3 Bxf3 11. Bxf3 Nd7 12. Qd3 e6 13. O-O-O b5 14. exf6 Bxf6
15. Nc5 Nxc5 16. dxc5 O-O-O 17. g3 Kb7 18. Rhe1 Rhe8 19. Bd4 Qg7 20. Bg4 e5 21.
fxe5 Bxe5 22. Bxe5 Rxe5 23. Qd4 Rde8 24. Rxe5 Rxe5 25. a4 a6 26. axb5 axb5 27.
b3 Qe7 28. Rf1 Ng8 29. Kb2 Nf6 30. Qf4 Ne4 31. Qf8 Qxf8 32. Rxf8 Re7 33. b4
Nxg3 34. Bc8+ Ka7 35. Rd8 Ne4 36. Rd7+ Rxd7 37. Bxd7 Kb7 38. c3 Kc7 39. Bg4 Nf2
40. Be6 Nd3+ 41. Kc2 Nf4 42. Bg8 h5 43. Bh7 Kd7 44. Kd2 Ke6 45. Ke3 Kf5 46. Bg8
Ne6 0-1

[Event "Monarch Assurance Isle of Man 16th"]
[Site "Port Erin"]
[Date "2007.09.29"]
[Round "8.19"]
[White "Pavlovic, Milos"]
[Black "Mannion, Stephen R"]
[Result "1-0"]
[WhiteElo "2541"]
[BlackElo "2359"]
[PlyCount "121"]
[EventDate "2007.09.22"]
[EventType "swiss"]
[EventRounds "9"]
[EventCountry "IOM"]

1. e4 e5 2. Nf3 Nc6 3. Bb5 a6 4. Ba4 Nf6 5. O-O Be7 6. Re1 b5 7. Bb3 d6 8. c3
O-O 9. d3 Na5 10. Bc2 c5 11. Nbd2 Re8 12. Nf1 Nc6 13. h3 h6 14. N3h2 d5 15.
exd5 Qxd5 16. Ne3 Qd7 17. Neg4 Nxg4 18. Nxg4 Bg5 19. Qf3 Bxc1 20. Raxc1 Bb7 21.
Qg3 Qd6 22. Bb3 Rad8 23. Bd5 Na5 24. Bxb7 Nxb7 25. Re3 h5 26. Nxe5 f6 27. Qf3
Rxe5 28. Rxe5 Qxe5 29. Qxb7 Rxd3 30. Qxa6 c4 31. a4 Qf4 32. Rf1 bxa4 33. Qxa4
Qe4 34. Qb4 Rd2 35. Qb5 Qd5 36. Qxd5+ Rxd5 37. Ra1 Rd2 38. Ra8+ Kh7 39. Rb8 Kg6
40. Rb5 Rc2 41. g3 Kh6 42. Kg2 Kg6 43. Kf3 Kh6 44. Ke3 Kg6 45. Rb8 Kh6 46. g4
hxg4 47. hxg4 Kg5 48. f3 g6 49. Rb5+ Kh6 50. Rb6 Kg7 51. Rb7+ Kf8 52. Kd4 Rf2
53. Kxc4 Rxf3 54. b4 Ke8 55. b5 Kd8 56. Rg7 g5 57. Kd4 Rf4+ 58. Kd5 Rxg4 59. c4
Rg1 60. b6 Rb1 61. c5 1-0